00853nam a2200181 a 450000100100000000500170001000800410002704000250006808200160009311001070010924501270021626001000034330000200044359000260046370000510048995201140054099900170065400004902920250701121838.0110706s2007 dr 000 | spa d aDO-SdBNPbspacBNPHU axxxxbR426r1 aRepública Dominicana.bSecretaría de Estado de Educación Superior, Ciencia y Tecnología91877810aReglamento de instituciones y programas de educación superior a distancia /cpresentación Ligia Amada Melo de Cardona. aSanto Domingo :bSecretaría de Estado de Educación Superior, Ciencia y Tecnología,c2007. a53 p. ;c22 cm. aInventariado, 2019/VM12aMelo de Cardona, Ligia Amada,epresent.927174 0010718PDaPDbPDcHDd2019-07-15iLF1l0oxxxx R426rp49030-10r2020-06-25w2020-06-25yLFPDZNo se presta c48517d48517